000 00686nam a2200217Ia 4500
005 20210909122848.0
008 131103s9999 xx 000 0 und d
020 _a1 84064 173 8(pbk)
_c15.95 pds
040 _aLoreto College
041 _aEnglish
082 _a320
_bMIS
100 _aMishra, Ramesh
245 _aGlobalization and welfare state
_cRamesh Mishra
260 _aCheltenham
_bEdward Elgar
_cc1999
300 _axi,152 p.
_b ill., figures,tables
504 _aIncludes bibliographical references and index
650 _aPolitics - Welfare State - Globalization - International Economic Relation -
651 _aPolitical Science -
850 _aLCLIB
942 _cBK
999 _c375
_d50854